Xunzi : Gong yuan qian san shi ji Zhongguo wei wu zhu yi zhe xue jia /
Saved in:
| Main Author: | |
|---|---|
| Format: | Book |
| Language: | Chinese |
| Published: |
Shanghai :
Shanghai ren min chu ban she,
1959.
|
| Subjects: | |
| Tags: |
Add Tag
No Tags, Be the first to tag this record!
|
| LEADER | 00868cam a2200241ua 4500 | ||
|---|---|---|---|
| 001 | 007728876-9 | ||
| 005 | 20024617110921.0 | ||
| 008 | 930506s1959 cc 000 0 chi d | ||
| 010 | |a c 60000659 | ||
| 035 | 0 | |a ocm34452036 | |
| 040 | |a CU-SB |c CU-SB |d *YNH* |d CStRLIN | ||
| 050 | 0 | |a B128.H7 |b L5 | |
| 100 | 1 | |6 880-01 |a Li, Deyong. | |
| 245 | 1 | 0 | |6 880-02 |a Xunzi : |b Gong yuan qian san shi ji Zhongguo wei wu zhu yi zhe xue jia / |c Li Deyong zhu. |
| 260 | |6 880-03 |a Shanghai : |b Shanghai ren min chu ban she, |c 1959. | ||
| 300 | |a 117 p. ; |c 20 cm. | ||
| 600 | 0 | 0 | |6 880-04 |a Xunzi, |d 340 B.C.-245 B.C. |
| 880 | 1 | |6 100-01 |a 李德永. | |
| 880 | 1 | 0 | |6 245-02 |a 荀子: |b 公元前三世紀中国唯物主义哲學家/ |c 李德永著. |
| 880 | |6 260-03 |a 上海: |b 上海人民出版社, |c 1959. | ||
| 880 | 1 | 0 | |6 600-04 |a 荀子, |d 340 B.C.-245 B.C. |
| 988 | |a 20021108 | ||
| 906 | |0 OCLC | ||


